| 000 | 01027cab a2200289 4500 | ||
|---|---|---|---|
| 001 | ABS59098 | ||
| 008 | 090401t1998 xxu||||| |||| 00| 0 eng d | ||
| 035 | _a(Sirsi) u87637 | ||
| 041 | _aeng | ||
| 100 | _aAtkinson, N. | ||
| 245 | _aUncertainty can be used as a positive boundary tool | ||
| 260 | _c1998 | ||
| 350 | _a0 | ||
| 490 |
_aCSM _bChartered Surveyor Monthly _vJuly/August 1998, 42-43(2) |
||
| 520 | _aConsiders the importance of accurate site boundaries in the context of land value. Discusses the lack of precise definition on the ground and the importance of the accuracy of old deeds for both registered and unregisterd land. Examines probabilities and the concept of an `uncertainty zone`. | ||
| 650 |
_aBoundary disputes _96221 |
||
| 650 | _aDISPUTES | ||
| 650 | _aHEDGES | ||
| 650 | _aLAND VALUE | ||
| 650 | _aORDNANCE SURVEY MAP | ||
| 650 | _aPLANS | ||
| 650 | _aREGISTERED LAND | ||
| 650 | _aUNREGISTERED LAND | ||
| 690 | _aPROPERTY LAW AND PRACTICE | ||
| 942 | _n0 | ||
| 948 | _c24/07/1998 | ||
| 999 |
_c55290 _d55290 |
||